[Event "19th Belgrade Trophy"]
[Site "Belgrade SRB"]
[Date "2006.11.25"]
[Round "4"]
[White "Dizdarevic,B"]
[Black "Khropov,B"]
[Result "0-1"]
[WhiteElo "1788"]
[BlackElo "2277"]

1.e4 d6 2.d4 Nf6 3.Nc3 c6 4.f4 Qa5 5.e5 Ne4 6.Bd2 Nxd2 7.Qxd2 d5 8.Nf3 Bg4
9.Be2 e6 10.O-O c5 11.Kh1 Bxf3 12.Rxf3 Nc6 13.Bb5 cxd4 14.Bxc6+ bxc6 15.Qxd4 Rb8
16.Ne2 Bc5 17.Qc3 Qb6 18.Qb3 O-O 19.Qxb6 Bxb6 20.b3 c5 21.Rd1 Rbc8 22.f5 Bc7
23.fxe6 fxe6 24.Nf4 Rce8 25.Re1 Ba5 26.Re2 Rf7 27.Ref2 Rf5 28.Nd3 Rxf3 29.Rxf3 c4
30.Nb2 cxb3 31.axb3 Rc8 32.Rf2 Bc3 33.Nd3 a5 34.g3 Rf8 35.Re2 Kf7 36.Nc5 Ke7
37.Na4 Rc8 38.Kg2 Bd4 39.Kf3 Rf8+ 40.Kg4 Rf5 41.c3 Rxe5 42.Rb2 Re4+ 43.Kh3 Be5
44.Rb1 Re3 45.Rc1 Kd6 46.c4 Rxb3 47.cxd5 exd5 48.Rc8 Rb4 49.Nc5 Bf6 50.Nd3 Rb5
51.Ra8 d4  0-1

[Event "19th Belgrade Trophy"]
[Site "Belgrade SRB"]
[Date "2006.11.27"]
[Round "6"]
[White "Sarenac,D"]
[Black "Runic,Z"]
[Result "0-1"]
[WhiteElo "2205"]
[BlackElo "2418"]

1.e4 d6 2.d4 Nf6 3.Nc3 e5 4.Nf3 Nbd7 5.Bc4 Be7 6.O-O O-O 7.Re1 c6 8.a4 a5
9.Ba2 exd4 10.Nxd4 Nc5 11.Bf4 Ne8 12.Qf3 Be6 13.Rad1 Qb6 14.Nf5 Bxf5 15.exf5 Bf6
16.b3 d5 17.g4 h6 18.Ne2 Rd8 19.Ng3 Rd7 20.Nh5 Qd8 21.Nxf6+ Nxf6 22.h4 Nfe4
23.Qh3 Re8 24.Rd4 Qf6 25.c3 Rde7 26.Re3 g5 27.hxg5 hxg5 28.Bh2 Nxf2 29.Kxf2 Rxe3
30.Qxe3 Rxe3 31.Kxe3 Qe7+ 32.Kd2 Ne4+ 33.Kc2 Qc5  0-1

[Event "ch-ESP Abierto"]
[Site "Leon ESP"]
[Date "2006.11.27"]
[Round "6"]
[White "Vega Gutierrez,S"]
[Black "Vega Gomez,F"]
[Result "1-0"]
[WhiteElo "2299"]
[BlackElo "2125"]

1.e4 d6 2.d4 Nf6 3.Nc3 e5 4.Nge2 Nbd7 5.f3 c6 6.Be3 Be7 7.Qd2 O-O 8.g4 b5
9.Ng3 Nb6 10.dxe5 dxe5 11.Qxd8 Rxd8 12.a4 b4 13.Nb1 Nbd7 14.g5 Ne8 15.Nf5 Bf8
16.a5 Nd6 17.Nd2 Nxf5 18.exf5 Bc5 19.Kf2 Bxe3+ 20.Kxe3 Nc5 21.Ne4 Nxe4 22.fxe4 c5
23.Bc4 Kf8 24.a6 Rd4 25.Bd5 Rxd5 26.exd5 Bxf5 27.Ra5 Rc8 28.c4 Bd7 29.Rd1 Ke7
30.d6+ Ke6 31.Rd5 f5 32.Raxc5 Rxc5 33.Rxc5 Kxd6 34.Rd5+ Ke6 35.Rd2 Bc6 36.Rd8 f4+
37.Ke2 e4 38.Rc8 Kd6 39.h4 Bd7 40.Rd8 Ke6 41.Ra8 Ke5 42.Rxa7 Bg4+ 43.Ke1 e3
44.Re7+ Kd4 45.Rf7 Ke5 46.a7 Bf3 47.Rf8 Bc6 48.a8=Q Bxa8 49.Rxa8 f3 50.Rf8 Ke4
51.c5 e2 52.c6  1-0

[Event "ch-ROM"]
[Site "Predeal ROM"]
[Date "2006.11.27"]
[Round "1"]
[White "Barzanu,I"]
[Black "Badea,B"]
[Result "0-1"]
[WhiteElo "2198"]
[BlackElo "2508"]

1.e4 d6 2.d4 Nf6 3.Nc3 e5 4.Nf3 Nbd7 5.Bc4 Be7 6.O-O O-O 7.Re1 c6 8.a4 b6
9.b3 a6 10.Ba3 Bb7 11.Bf1 b5 12.dxe5 dxe5 13.Bd6 Re8 14.h3 Bxd6 15.Qxd6 Re6
16.Qd2 Qf8 17.Rad1 Ree8 18.Qe3 Qc5 19.Qxc5 Nxc5 20.b4 Nxa4 21.Nxa4 bxa4 22.Ra1 c5
23.bxc5 Bc6 24.Nd2 Rad8 25.Bd3 Nd7 26.Nc4 Nxc5 27.Ra3 Rd4 28.f3 Bb5 29.Rc3 f6
30.Kf2 Ne6 31.g3 Rc8  0-1

[Event "19th Belgrade Trophy"]
[Site "Belgrade SRB"]
[Date "2006.11.28"]
[Round "7"]
[White "Radulski,J"]
[Black "Rabrenovic,V"]
[Result "1-0"]
[WhiteElo "2494"]
[BlackElo "2320"]

1.e4 d6 2.d4 Nf6 3.Nc3 e5 4.Nf3 Be7 5.Bc4 Nbd7 6.O-O O-O 7.Qe2 c6 8.a4 a5
9.Rd1 Qc7 10.h3 h6 11.Ba2 Nh7 12.Be3 Bf6 13.Rd2 Qd8 14.Rad1 Qe7 15.dxe5 dxe5
16.Rd6 Ng5 17.Nxg5 Bxg5 18.Bxg5 hxg5 19.Qe3 Kh7 20.Ne2 g6 21.Ng3 Re8 22.h4 Nf8
23.hxg5 Ne6 24.Bxe6 Bxe6 25.c4 Kg7 26.c5 Rh8 27.f4 exf4 28.Qxf4 Rae8 29.R1d4 f6
30.gxf6+ Qxf6 31.e5 Qxf4 32.Rxf4 g5 33.Rf6 Rh6 34.Rdxe6 Rxe6 35.Nf5+ Kh7
36.Rxh6+ Rxh6 37.Nxh6 Kxh6 38.g4 Kg6 39.Kf2 Kf7 40.Ke3 Ke7 41.Ke4 Ke6 42.b3  1-0

[Event "LXXI ch-ESP Scheveningen"]
[Site "Leon ESP"]
[Date "2006.11.29"]
[Round "3"]
[White "Fernandez Garcia,JoseL"]
[Black "Garcia Castro,P"]
[Result "1/2-1/2"]
[WhiteElo "2470"]
[BlackElo "2390"]

1.e4 d6 2.d4 Nf6 3.Nc3 e5 4.dxe5 dxe5 5.Qxd8+ Kxd8 6.Bg5 Be6 7.g3 Bd6 8.f4 h6
9.Bxf6+ gxf6 10.O-O-O a6 11.fxe5 fxe5 12.Bh3 Nc6 13.Nd5 Kd7 14.Ne3 Raf8 15.c3 Kc8
16.Kd2 Bc5 17.Ke2 a5 18.a4 h5 19.Bxe6+ fxe6 20.Nf3 Be7 21.h4 Rhg8 22.Rhg1 Rg7
23.Rg2 b6 24.Rdg1 Rgf7 25.Rf1 Rg7 26.Rfg1 Rgf7 27.Nd2 Rg7  1/2-1/2

[Event "19th Belgrade Trophy"]
[Site "Belgrade SRB"]
[Date "2006.11.30"]
[Round "9"]
[White "Sarenac,D"]
[Black "Aleksandrov,Mi"]
[Result "1-0"]
[WhiteElo "2205"]
[BlackElo "2075"]

1.e4 d6 2.d4 Nf6 3.Nc3 e5 4.Nf3 Nbd7 5.Bc4 Be7 6.O-O O-O 7.Re1 c6 8.a4 b6
9.d5 cxd5 10.Nxd5 Nxd5 11.Bxd5 Rb8 12.b3 Nf6 13.Bc4 Bb7 14.Qd3 d5 15.Bxd5 Bxd5
16.exd5 e4 17.Rxe4 Nxe4 18.Qxe4 Bf6 19.Rb1 Re8 20.Qd3 Qd7 21.Bf4 Rbd8 22.c4 Qg4
23.Qd2 Bc3 24.Qxc3 Qxf4 25.Rd1 Re2 26.Qd3 Ra2 27.g3 Qf6 28.Qe3 Ra1 29.Rxa1 Qxa1+
30.Kg2 Qf6 31.a5 Qd6 32.axb6 axb6 33.Nd4 Kf8 34.Nc6 Re8 35.Qxb6 g6 36.Qd4 Kg8
37.b4 f5 38.c5 Qc7 39.b5 Re4 40.d6 Qd7 41.Ne7+ Rxe7 42.dxe7 Qxd4 43.e8=Q+ Kg7
44.Qe7+ Kg8 45.Qe6+ Kg7 46.c6  1-0

[Event "ch-ROM"]
[Site "Predeal ROM"]
[Date "2006.11.30"]
[Round "4"]
[White "Raut,C"]
[Black "Neagos,R"]
[Result "1/2-1/2"]
[WhiteElo "2264"]
[BlackElo "2059"]

1.e4 d6 2.d4 Nf6 3.Nc3 e5 4.Nf3 Nbd7 5.g4 Nxg4 6.Rg1 exd4 7.Nxd4 Nde5 8.Bf4 g5
9.Bd2 c6 10.h3 Qb6 11.hxg4 Qxd4 12.Qe2 Rg8 13.O-O-O Qb6 14.Be3 Qa5 15.f3 Be6
16.a3 O-O-O 17.Rg3 f6 18.Qd2 Rg7 19.Ne2 Qxd2+  1/2-1/2

[Event "ch-ROM w"]
[Site "Predeal ROM"]
[Date "2006.12.01"]
[Round "5"]
[White "Manicuta,M"]
[Black "Dragomirescu,An"]
[Result "0-1"]
[WhiteElo "2151"]
[BlackElo "2237"]

1.e4 d6 2.d4 Nf6 3.Nc3 e5 4.dxe5 dxe5 5.Qxd8+ Kxd8 6.Bc4 Ke8 7.f3 c6 8.a3 Nbd7
9.Be3 Bc5 10.Kf2 Ke7 11.Nge2 b5 12.Ba2 Bxe3+ 13.Kxe3 Nb6 14.b4 a5 15.h3 Be6
16.Bxe6 Kxe6 17.f4 Nc4+ 18.Kf3 Rhd8 19.fxe5 Nxe5+ 20.Ke3 Nc4+ 21.Kf3 Rd2
22.Rhd1 Rad8 23.Rxd2 Nxd2+ 24.Kf4 a4 25.Rd1 h6 26.h4 g5+ 27.hxg5 hxg5+ 28.Kxg5 Ndxe4+
29.Kf4 Rxd1 30.Nxd1 Nd2 31.c3 Nd5+ 32.Kg4 Nb1 33.Nd4+ Kd6 34.Nc2 Nbxc3 35.Nf2 Ne2
36.Nd3 Ke6 37.Kf3 Nec3 38.Nd4+ Kd6 39.Nc2 Nb6 40.Kf4 Nc4 41.Kf5 Nb1 42.Kf6 Nbxa3
43.Na1 Ne3 44.g3 Nec2 45.Nxc2 Nxc2 46.g4 a3 47.Nc1 Nxb4 48.Kxf7 a2 49.Nb3 Nd5
50.g5 Nf4  0-1

[Event "XV Asiad Men's Rapid"]
[Site "Doha QAT"]
[Date "2006.12.02"]
[Round "3"]
[White "Al Modiahki,M"]
[Black "Al Sayed,Mohamad"]
[Result "1/2-1/2"]
[WhiteElo "2550"]
[BlackElo "2486"]

1.e4 d6 2.d4 Nf6 3.Nc3 e5 4.Nf3 Nbd7 5.Bc4 Be7 6.O-O O-O 7.Re1 c6 8.a4 a5
9.h3 h6 10.Ba2 Qc7 11.Be3 exd4 12.Nxd4 Nc5 13.Qf3 Be6 14.Nxe6 Nxe6 15.Rad1 Rae8
16.h4 Kh8 17.Qh3 Nd7 18.Ne2 Bf6 19.Bc1 Ndc5 20.Ng3 Be5 21.Nh5 g6 22.Ng3 h5
23.c3 Nf4 24.Bxf4 Bxf4 25.Nxh5 gxh5 26.Qf5 Bh6 27.Qxh5 Kg7 28.Qg4+ Kh8 29.Qh5 Kg7
30.Qg4+ Kh8 31.Qh5 Kg7  1/2-1/2

[Event "66th ch-ITA"]
[Site "Cremona ITA"]
[Date "2006.12.03"]
[Round "11"]
[White "Brunello,S"]
[Black "Scalcione,M"]
[Result "1-0"]
[WhiteElo "2460"]
[BlackElo "2325"]

1.e4 d6 2.d4 Nf6 3.Nc3 e5 4.dxe5 dxe5 5.Qxd8+ Kxd8 6.Bg5 Be6 7.f4 exf4 8.e5 h6
9.Bxf4 Nfd7 10.O-O-O Kc8 11.Nf3 g5 12.Bg3 Bg7 13.h4 g4 14.Nd4 Nxe5 15.Nxe6 fxe6
16.Bxe5 Bxe5 17.Bc4 Re8 18.Rhf1 Nd7 19.Ne4 c6 20.Rf7 Nb6 21.Be2 h5 22.Nd6+ Bxd6
23.Rxd6 a5 24.Rh7 Nd5 25.Rdd7 Ra7 26.Rdf7 Ne3 27.Rxh5 Rd8 28.g3 Nf5 29.Bxg4 Nxg3
30.Re5 a4 31.Re3  1-0

[Event "XV Asiad Men's Rapid"]
[Site "Doha QAT"]
[Date "2006.12.03"]
[Round "4"]
[White "Hossain,Enam"]
[Black "Kazhgaleyev,M"]
[Result "0-1"]
[WhiteElo "2503"]
[BlackElo "2609"]

1.e4 d6 2.d4 Nf6 3.Nc3 Nbd7 4.Nf3 e5 5.Bc4 Be7 6.O-O O-O 7.Re1 c6 8.a4 b6
9.Ba2 a6 10.h3 Rb8 11.Nh4 exd4 12.Qxd4 Ne5 13.Nf5 Bxf5 14.exf5 b5 15.Bf4 c5
16.Qe3 c4 17.Rad1 Qa5 18.Bxe5 dxe5 19.Qxe5 Bb4 20.Re3 Rbe8 21.Qf4 Rxe3 22.Qxe3 Bxc3
23.Qxc3 Qxc3 24.bxc3 Ne4 25.axb5 axb5 26.Rd4 Nxc3 27.Bxc4 bxc4 28.Rxc4 Nd5
29.g4 Rb8 30.Kg2 Kf8 31.Kg3 Ke7 32.Rc6 Kd7 33.Rc4 Kd6 34.Rd4 Ke5 35.Rc4 Rb7
36.Rc6 Rc7 37.Ra6 Rc3+ 38.f3 Rxc2 39.Ra7 Rc7 40.Ra8 h6 41.Rd8 Nf6 42.f4+ Ke4
43.g5 Rc3+ 44.Kh4 Kxf5 45.gxf6 g5+  0-1

[Event "90th ch-Marshall CC"]
[Site "New York USA"]
[Date "2006.12.03"]
[Round "4"]
[White "Hess,Ro"]
[Black "Hoffmann,As"]
[Result "1-0"]
[WhiteElo "2394"]
[BlackElo "2282"]

1.e4 d6 2.d4 Nf6 3.Nc3 c6 4.Nge2 Nbd7 5.h3 e5 6.Be3 d5 7.exd5 cxd5 8.g4 Bb4
9.Bg2 h6 10.O-O e4 11.a3 Ba5 12.Ng3 Bxc3 13.bxc3 Nb6 14.Bf4 Be6 15.f3 Rc8
16.Be5 Nc4 17.Bxf6 gxf6 18.fxe4 Ne3 19.Qe2 Nxf1 20.Rxf1 Rxc3 21.Nh5 Kf8 22.Nxf6 dxe4
23.d5 Bc8 24.Nxe4 Qb6+ 25.Kh1 Re3 26.Qf2 Rh7 27.Qf4 Rg7 28.Nd6 Qc7 29.Qxh6  1-0

[Event "ch-Nassau"]
[Site "Mineola USA"]
[Date "2006.12.04"]
[Round "8"]
[White "Mirabile,T"]
[Black "Luchan,J"]
[Result "1/2-1/2"]
[WhiteElo "2197"]
[BlackElo "2123"]

1.e4 d6 2.d4 Nf6 3.Nc3 e5 4.Nf3 Nbd7 5.Bc4 h6 6.O-O Be7 7.Re1 c6 8.a4 b6
9.Na2 a6 10.c3 O-O 11.h3 Qc7 12.Nb4 Bb7 13.d5 cxd5 14.Bxd5 Nxd5 15.Nxd5 Bxd5
16.Qxd5 Nf6 17.Qd3 d5 18.exd5 e4 19.Qe2 exf3 20.Qxe7 Qc4 21.Be3 Nxd5 22.Qe5 Rfe8
23.Qd4 Nxe3 24.Rxe3 Qxd4 25.cxd4 Red8 26.Rd1 fxg2 27.d5 Rd6 28.Re7 Kf8 29.Rb7 Rad8
30.Kxg2 R8d7 31.Rb8+ Rd8 32.Rxd8+ Rxd8 33.Kf3 Ke7 34.Ke4 Rc8 35.Rd4 Kd6 36.Rb4 Kc5
37.Rd4 Re8+ 38.Kd3 Rd8 39.Rc4+ Kd6 40.Kd4 Kd7 41.Rc6 Rb8 42.b4 a5 43.b5 Rb7
44.f4 Rb8 45.f5 Rb7 46.d6 g5 47.Kd5 h5 48.f6 g4 49.hxg4 hxg4 50.Rc4 g3 51.Rg4 Rb8
52.Rxg3 Rc8 53.Rg7 Rc5+ 54.Kd4 Ke6 55.Rh7 Rd5+ 56.Ke4 Re5+ 57.Kd4 Rf5 58.d7 Rd5+
59.Ke4 Rxd7 60.Rh8 Rd6 61.Rb8 Kxf6 62.Kf4 Ke6 63.Ke4 f6 64.Re8+ Kd7 65.Rb8 Ke7
66.Rh8 Rd8 67.Rh7+ Kd6 68.Rf7 Ke6 69.Rb7 Rd6 70.Rb8 f5+ 71.Kf4 Rd4+ 72.Ke3 Rxa4
73.Rxb6+ Ke5 74.Ra6 Ra3+ 75.Kf2 Kf4 76.b6 Ra2+ 77.Kf1 Kf3 78.Kg1 Ra1+ 79.Kh2 f4
80.b7 Ra2+ 81.Kh3 Ra1 82.Kh2 Ra2+ 83.Kh3 Rb2 84.Rxa5 Rxb7 85.Ra3+ Ke4 86.Ra4+ Ke3  1/2-1/2

[Event "Polyarniy Krug"]
[Site "Salekhard RUS"]
[Date "2006.12.05"]
[Round "7"]
[White "Dvoirys,S"]
[Black "Bocharov,D"]
[Result "1-0"]
[WhiteElo "2553"]
[BlackElo "2577"]

1.e4 d6 2.d4 Nf6 3.Nc3 e5 4.Nf3 Nbd7 5.Be2 Be7 6.O-O O-O 7.Be3 Re8 8.Nd2 c6
9.a4 Qc7 10.f4 b6 11.Qe1 Bb7 12.Qg3 exd4 13.Bxd4 c5 14.Bf2 Bf8 15.Bf3 a6
16.Qh3 Bc6 17.g4 h6 18.g5 hxg5 19.fxg5 Nh7 20.Be3 g6 21.Be2 Ne5 22.Nc4 Bg7
23.Rad1 Rad8 24.Qg2 b5 25.axb5 axb5 26.Nxe5 Bxe5 27.Nd5 Bxd5 28.Rxd5 Qb7
29.c3 Nf8 30.h4 Rd7 31.h5 b4 32.Bc4 bxc3 33.bxc3 Bxc3 34.Qf2 Be5 35.hxg6 Nxg6
36.Qf5 Bg7 37.Qxg6 fxg6 38.Re5+ Kh7 39.Rxe8 Be5 40.Bd5 Qb2 41.Rf2 Qb1+ 42.Kg2 Bd4
43.Bxd4 cxd4 44.Ref8 Rg7 45.Rf1 Qc2+ 46.Kg3 Qc3+ 47.Kg4  1-0

[Event "Polyarniy Krug"]
[Site "Salekhard RUS"]
[Date "2006.12.05"]
[Round "7"]
[White "Rozhkov,Ve"]
[Black "Gnydka,J"]
[Result "1-0"]
[WhiteElo "2287"]
[BlackElo "2070"]

1.e4 d6 2.d4 Nf6 3.Nc3 e5 4.Nf3 Bg4 5.dxe5 Bxf3 6.gxf3 dxe5 7.Qxd8+ Kxd8
8.Bg5 c6 9.O-O-O+ Ke8 10.Bh3 Nbd7 11.f4 exf4 12.e5 Nd5 13.Rxd5 cxd5 14.Nxd5 Rc8
15.Rd1 h6 16.Bxf4 Rd8 17.Be3 b6 18.Nc7+ Ke7 19.f4 Nc5 20.Nd5+ Ke8 21.Bf1 Be7
22.b4 Ne6 23.f5 Ng5 24.Bg2 Rg8 25.h4 Nh7 26.Bf2 f6 27.Nc7+ Kf7 28.Bd5+ Rxd5
29.e6+ Kf8 30.Nxd5  1-0

[Event "Polyarniy Krug"]
[Site "Salekhard RUS"]
[Date "2006.12.07"]
[Round "9"]
[White "Kochetkova,J"]
[Black "Kabanov,N"]
[Result "0-1"]
[WhiteElo "2342"]
[BlackElo "2521"]

1.e4 d6 2.d4 Nf6 3.Nc3 c6 4.Nf3 Bg4 5.h3 Bh5 6.Be2 e6 7.O-O Be7 8.Be3 d5
9.exd5 cxd5 10.Ne5 Bxe2 11.Qxe2 Qb6 12.Rad1 Nc6 13.Rd3 Qa6 14.Bg5 Nb4 15.Rd2 Qxe2
16.Rxe2 Rc8 17.Rd1 a6 18.a3 Nc6 19.Rd3 Nxe5 20.dxe5 Nd7 21.Bxe7 Kxe7 22.Kf1 Rc6
23.Ke1 Rhc8 24.Kd1 b5 25.Rd4 Nb6 26.f4 g6 27.g4 Rg8 28.Kc1 h5 29.Kb1 hxg4
30.hxg4 Rh8 31.f5 Rc4 32.Rxc4 Nxc4 33.Ka2 Rh4 34.b3 Nb6 35.Rf2 Nd7 36.f6+ Kd8
37.Rd2 Kc7 38.Rd4 Nxe5 39.a4 Kc6 40.axb5+ axb5 41.Rb4 Rxg4 42.Ka3 g5 43.Nxb5 Kc5
44.Rxg4 Nxg4 45.Ka4 Nxf6 46.Ka5 g4 47.b4+ Kc6 48.Ka6 e5 49.Na7+ Kc7 50.Nb5+ Kb8
51.Na7 Nd7 52.b5 Kc7 53.Nc6 Nb8+  0-1

[Event "3rd Rapid Masters"]
[Site "Benidorm ESP"]
[Date "2006.12.08"]
[Round "5"]
[White "Damaso,R"]
[Black "Dutina,D"]
[Result "1-0"]
[WhiteElo "2449"]
[BlackElo "2298"]

1.d4 d6 2.e4 Nf6 3.Nc3 e5 4.Nge2 Be7 5.f3 c6 6.Be3 Qa5 7.Qd2 Be6 8.Ng3 O-O
9.Be2 exd4 10.Bxd4 d5 11.e5 Nfd7 12.f4 c5 13.Bf2 d4 14.Nb5 Qxd2+ 15.Kxd2 Nc6
16.Ne4 a6 17.Nc7 Rac8 18.Nxe6 fxe6 19.Bg4 Nd8 20.Bg3 Nb6 21.Rae1 Nd5 22.Nd6 Rc6
23.f5 Ne3 24.Bf3 Rb6 25.Nc8 Nc4+ 26.Ke2 Rxb2 27.Nxe7+ Kf7 28.Nc8 Rxc2+ 29.Kd1 d3
30.Nd6+ Nxd6 31.exd6 c4 32.fxe6+ Nxe6 33.Bd5 c3 34.Rxe6 Rb2 35.Rf1+ Kg8  1-0

[Event "3rd Rapid Masters"]
[Site "Benidorm ESP"]
[Date "2006.12.09"]
[Round "7"]
[White "Lomineishvili,M"]
[Black "Dutina,D"]
[Result "0-1"]
[WhiteElo "2382"]
[BlackElo "2298"]

1.d4 d6 2.e4 Nf6 3.Nc3 e5 4.Nf3 Nbd7 5.Be2 Be7 6.O-O O-O 7.h3 Re8 8.Be3 c6
9.a4 Bf8 10.d5 Qa5 11.Nd2 cxd5 12.Nb3 Qd8 13.exd5 h6 14.a5 Nh7 15.a6 b6 16.Bb5 Nc5
17.Bxe8 Qxe8 18.Nxc5 dxc5 19.f4 e4 20.f5 Qe5 21.Bf4 Qxf5 22.Qe2 Nf6 23.Bd6 Qg6
24.Bxf8 Kxf8 25.Kh2 Bd7 26.Nb5 Nxd5 27.c4 Bxb5 28.cxb5 Nf6 29.Rad1 Qg5 30.Qd2 Qe5+
31.Kg1 Kg8 32.Rfe1 Re8 33.Re3 Re7 34.b3 Rd7 35.Qc1 Rd4 36.Ree1 Nd5 37.Rxd4 cxd4
38.Qc8+ Kh7 39.Qb7 d3 40.Qxa7 d2 41.Rf1 e3 42.Qxf7 e2 43.a7 exf1=Q+ 44.Qxf1 Qe1
45.a8=Q Qxf1+ 46.Kxf1 d1=Q+ 47.Kf2 Qd4+ 48.Kg3 Qf4+  0-1

[Event "3rd Rapid Masters"]
[Site "Benidorm ESP"]
[Date "2006.12.10"]
[Round "9"]
[White "Moskalenko,V"]
[Black "Dutina,D"]
[Result "1-0"]
[WhiteElo "2543"]
[BlackElo "2298"]

1.d4 d6 2.e4 Nf6 3.Nc3 e5 4.Nge2 Be7 5.g3 c6 6.Bg2 O-O 7.O-O Re8 8.h3 Bf8
9.a4 a5 10.Be3 Na6 11.Qd2 Nb4 12.Rad1 Qc7 13.f4 exd4 14.Bxd4 b6 15.Bxf6 gxf6
16.Nd4 Be6 17.Kh2 Rad8 18.Rfe1 Bh6 19.Qe2 Bg7 20.Qh5 Qb7 21.Re2 Bc4 22.Red2 Be6
23.Nf5 Bxf5 24.Qxf5 Qc7 25.Ne2 Na6 26.Nd4 Nc5 27.b3 Ne6 28.Nf3 Rd7 29.Nh4 Red8
30.Qg4 d5 31.exd5 cxd5 32.Bxd5 h5 33.Qxh5 Qc5 34.c4 Kf8 35.Nf5 Nc7 36.Qh7 Ne8
37.Nxg7 Nxg7 38.Qh8+  1-0

[Event "IM Multicoms"]
[Site "Paris FRA"]
[Date "2006.12.15"]
[Round "3"]
[White "Strugnell,C"]
[Black "Dutreeuw,M"]
[Result "0-1"]
[WhiteElo "2233"]
[BlackElo "2384"]

1.e4 d6 2.d4 Nf6 3.Nc3 e5 4.Nf3 Nbd7 5.g4 Nxg4 6.Rg1 exd4 7.Nxd4 Nde5 8.h3 Nf6
9.Be3 c5 10.Nb3 Be6 11.Bb5+ Nc6 12.a4 a6 13.Be2 Nb4 14.Bf3 g6 15.Qe2 Qb6
16.Nd5 Bxd5 17.exd5 O-O-O 18.a5 Qb5 19.Qd2 Bg7 20.Be2 Qd7 21.Bg4 Nxg4 22.hxg4 Qb5
23.g5 c4 24.Nd4 Bxd4 25.Bxd4 Rhe8+ 26.Be3 Nxd5 27.Rg4 Kb8 28.b3 Nxe3 29.fxe3 cxb3
30.Rb1 Qf5 31.Rb4 Qxg5 32.R1xb3 Qg1+ 33.Ke2 Qg2+ 34.Kd3 Qxd2+ 35.Kxd2 Rd7
36.Ke2 Re5 37.Ra3 Rc7 38.c4 h5 39.Kf3 Rf5+ 40.Ke4 Rfc5 41.Rab3 Rxc4+  0-1

[Event "XIX Carlos Torre Mem"]
[Site "Merida MEX"]
[Date "2006.12.16"]
[Round "4"]
[White "Tapie,P"]
[Black "Ancheyta,A"]
[Result "0-1"]
[WhiteElo "2059"]
[BlackElo "2175"]

1.e4 d6 2.d4 Nf6 3.Nc3 c6 4.a4 g6 5.Nf3 Bg7 6.h3 O-O 7.Be3 d5 8.e5 Ne4 9.Nxe4 dxe4
10.Ng5 c5 11.c3 Qd5 12.b3 cxd4 13.Bxd4 Nc6 14.Bc4 Qa5 15.b4 Qc7 16.Bd5 Nxe5
17.O-O Bf5 18.Bxe4 Bxe4 19.Nxe4 Rfd8 20.Qe2 Qc4 21.Rfe1 Qxe2 22.Rxe2 Nc4
23.Bxg7 Kxg7 24.Raa2 Rd1+ 25.Kh2 Rad8 26.a5 b6 27.axb6 axb6 28.Ra7 R8d7 29.Re1 Rxe1  0-1

[Event "6th Amplico AIG Life"]
[Site "Warsaw POL"]
[Date "2006.12.16"]
[Round "3"]
[White "Godlauskas,K"]
[Black "Zagorskis,D"]
[Result "1/2-1/2"]
[WhiteElo "2269"]
[BlackElo "2468"]

1.e4 d6 2.d4 Nf6 3.Nc3 e5 4.Nf3 Nbd7 5.Bc4 Be7 6.O-O O-O 7.a4 c6 8.Ba2 b6
9.Qe2 a6 10.Rd1 Qc7 11.h3 Bb7 12.dxe5 Nxe5 13.Nd4 b5 14.Nf5 b4 15.Nb1 c5
16.Bg5 Ng6 17.Nd2 Rfe8 18.Qd3 Rad8 19.Nxe7+ Qxe7 20.Bd5 Bxd5 21.exd5 h6 22.Bxf6 Qxf6
23.b3 Nf4 24.Qf3 Re2 25.Rac1 Rde8 26.Kf1 g5 27.Nc4 R8e4 28.g3 Nxd5 29.Qxf6 Nxf6
30.Rxd6 Re6 31.Rd8+ Kg7 32.Ne3 R6xe3 33.fxe3 Rxe3 34.Rd3 Re6 35.Re1 Ne4 36.Rde3 f5
37.g4 Kf6 38.gxf5 Kxf5 39.Ke2 h5 40.Rf1+ Ke5 41.Rg1 Kf4 42.Rf1+ Ke5 43.Rg1 Kf4
44.Rf1+  1/2-1/2

[Event "6th Amplico AIG Life"]
[Site "Warsaw POL"]
[Date "2006.12.16"]
[Round "3"]
[White "Bartel,Mat"]
[Black "Lubczynski,R"]
[Result "1-0"]
[WhiteElo "2569"]
[BlackElo "2343"]

1.e4 d6 2.d4 Nf6 3.Nc3 e5 4.Nf3 Nbd7 5.Bc4 Be7 6.O-O O-O 7.Qe2 c6 8.a4 a5
9.Rd1 Qc7 10.Ba2 h6 11.dxe5 dxe5 12.Nh4 Nc5 13.Ng6 Re8 14.Nxe7+ Qxe7 15.f3 Be6
16.Be3 Bxa2 17.Rxa2 Ne6 18.Qc4 Qb4 19.Qxb4 axb4 20.Ne2 c5 21.b3 Ra5 22.c4 bxc3
23.Nxc3 Nd4 24.Rb2 Rc8 25.Kf2 Ra6 26.Rc1 Rb6 27.Na2 Rbc6 28.Nc3 Rb6 29.Na2 Rbc6
30.b4 cxb4 31.Rxc6 Nxc6 32.Nxb4 Nxb4 33.Rxb4 Rc2+ 34.Kf1 Ra2 35.Rxb7 Rxa4
36.Rb5 Ra1+ 37.Ke2 Ra2+ 38.Bd2 Nd7 39.Kd3 f6 40.g3 Nf8 41.Rb8 Kf7 42.Rb7+ Kg8
43.Rb8 Kf7 44.f4 Ra3+ 45.Kc4 Ra4+ 46.Bb4 Nd7 47.Rb7 Ke8 48.Kd5 exf4 49.gxf4 Ra6
50.Bd6 Rb6 51.Ra7 h5 52.e5 fxe5 53.fxe5 g5 54.Ke4  1-0

[Event "6th Amplico AIG Life"]
[Site "Warsaw POL"]
[Date "2006.12.16"]
[Round "3"]
[White "Zawadzka,J"]
[Black "Markowski,T"]
[Result "0-1"]
[WhiteElo "2353"]
[BlackElo "2561"]

1.e4 d6 2.d4 Nf6 3.Nc3 e5 4.Nf3 Nbd7 5.Bc4 Be7 6.O-O O-O 7.Re1 c6 8.a4 b6
9.d5 cxd5 10.Nxd5 Bb7 11.b3 Rc8 12.Re2 Nxd5 13.Bxd5 Ba6 14.Rd2 Qc7 15.Ba3 Nf6
16.c4 Nxd5 17.cxd5 Qd7 18.Rc1 f5 19.exf5 Rxc1 20.Bxc1 Qxf5 21.Rc2 Rc8 22.Rxc8+ Qxc8
23.Be3 Qc3 24.h3 Qd3 25.Qxd3 Bxd3 26.Nd2 Kf7 27.f3 Ke8 28.Kf2 Kd7 29.Ke1 Bh4+
30.Kd1 Ba6 31.Ne4 Bf1 32.g3 Bd8 33.h4 h6 34.Nc3 a6 35.Ke1 Bd3 36.Kd2 Bg6
37.Na2 Bh5 38.g4 Bf7 39.Nc3 b5 40.axb5 axb5 41.b4 Bxh4 42.Kd3 Bd8 43.f4 exf4
44.Bxf4 Be7 45.Ke4 Bg6+ 46.Ke3 Bc2 47.Nxb5 g5 48.Bg3 Bd1 49.Nd4 Bxg4 50.Nc6 Bf8
51.Be1 Bh3 52.Kf3 Bf1 53.Bd2 Bg7 54.Na7 Bd4 55.Nc6 Bb2 56.Na5 Bf6 57.Kf2 Bb5
58.Kg3 h5 59.Kf3 g4+ 60.Kg3 Be2 61.Kf2 Bf3 62.Nc4 Bxd5 63.Ne3 Be6 64.Ng2 Kc6
65.Nf4 Bf7 66.Kg3 Kb5 67.Be1 d5 68.Ng2 d4 69.Kf4 Be6 70.Ke4 Kc4 71.Nf4 Bf7
72.Ng2 Bd5+ 73.Kf5 Be7 74.Nf4 Bf7 75.Ke4 h4 76.Kf5 g3 77.Kg4 Be8 78.Kh3 Bd7+
79.Kg2 Bd6 80.Bd2 Bg4 81.Bc1 Kxb4 82.Bd2+ Kc4 83.Bc1 d3 84.Bd2 Bb8 85.Be3 Bd6
86.Bd2 Kd4 87.Bc1 Kc3 88.Nd5+ Kc2 89.Bg5 h3+ 90.Kg1 Bc5+ 91.Be3 d2  0-1

[Event "6th Amplico AIG Life"]
[Site "Warsaw POL"]
[Date "2006.12.16"]
[Round "5"]
[White "Galkin,A"]
[Black "Urban,K"]
[Result "1-0"]
[WhiteElo "2600"]
[BlackElo "2450"]

1.e4 d6 2.d4 Nf6 3.Nc3 e5 4.Nf3 Nbd7 5.Bc4 Be7 6.O-O O-O 7.a4 a5 8.Re1 c6
9.h3 Nb6 10.Bf1 Nfd7 11.Be3 Re8 12.Qd2 Bf8 13.Rad1 Qc7 14.Qc1 Nf6 15.Bg5 Nfd7
16.Bh4 g6 17.Bg3 Bg7 18.b3 Nf8 19.d5 Nfd7 20.Qa3 Bf8 21.Nh2 Nc5 22.Ng4 Bxg4
23.hxg4 Na6 24.Bxa6 Rxa6 25.Re2 Raa8 26.f3 Nc8 27.Qc1 Na7 28.dxc6 bxc6 29.Qe3 Nc8
30.Bf2 Rb8 31.Red2 Nb6 32.g3 Nd7 33.Kg2 Nc5 34.Ne2 Ne6 35.Qc3 Rec8 36.Qc4 Rb4
37.Qa6 Qb7 38.Qxb7 Rxb7 39.Nc3 Nc7 40.Re2 Na6 41.Nb1 Nb4 42.Be1 f6 43.f4 Kf7
44.Na3 d5 45.fxe5 fxe5 46.exd5 cxd5 47.Bxb4 Bxb4 48.Nb5 d4 49.Rxe5 Rxc2+
50.Kh3 Rb2 51.g5 Rxb3 52.Nxd4 Ra3 53.Rf1+ Kg8 54.Re8+ Kg7 55.Ne6+  1-0

[Event "6th Amplico AIG Life"]
[Site "Warsaw POL"]
[Date "2006.12.16"]
[Round "7"]
[White "Szymanski,M"]
[Black "Lallemand,R"]
[Result "1-0"]
[WhiteElo "2430"]
[BlackElo "2202"]

1.Nc3 Nf6 2.e4 d6 3.d4 Nbd7 4.Nf3 e5 5.Bc4 Be7 6.O-O O-O 7.Re1 c6 8.a4 a5
9.h3 exd4 10.Nxd4 Nc5 11.Bf4 Qb6 12.Nb3 Rd8 13.Qf3 Qb4 14.Qe2 Be6 15.Bxe6 Nxe6
16.Be3 d5 17.Bd2 Qb6 18.e5 Ne8 19.Kh1 d4 20.Ne4 d3 21.Qd1 c5 22.c4 Nd4 23.Nxd4 Rxd4
24.Bc3 Rd7 25.f4 f5 26.exf6 Nxf6 27.Ng5 Rad8 28.Ne6 Rc8 29.f5 Qc6 30.Kg1 b6
31.Nf4 Ne4 32.Nd5 Nxc3 33.bxc3 Bg5 34.Qxd3 Rd6 35.Qg3 h6 36.Rab1 Rb8 37.Re6 Rxe6
38.fxe6 Qe8 39.e7 Rb7 40.Re1 Rd7 41.h4 Bxe7 42.Nf6+  1-0

[Event "6th Amplico AIG Life"]
[Site "Warsaw POL"]
[Date "2006.12.16"]
[Round "7"]
[White "Tscharotschkin,M"]
[Black "Pakleza,Z"]
[Result "0-1"]
[WhiteElo "2215"]
[BlackElo "2429"]

1.e4 d6 2.d4 Nf6 3.Nc3 c6 4.h3 b5 5.a3 e5 6.dxe5 dxe5 7.Qxd8+ Kxd8 8.Nf3 Nbd7
9.Bg5 Bc5 10.O-O-O Kc7 11.Bh4 Re8 12.Bd3 h6 13.g4 a5 14.Bg3 a4 15.Na2 Bd6
16.Nh4 g6 17.f3 Nc5 18.Ng2 Be6 19.Nb4 Nfd7 20.Bf2 Reb8 21.Ne3 Nb7 22.c3 Ndc5
23.Bc2 Rd8 24.Rd2 Nb3+ 25.Bxb3 Bxb3 26.Nbc2 Nc5 27.Rhd1 Ba2 28.Na1 Ne6 29.Ng2 Ng5
30.Bg3 Nxf3 31.Rd3 Ng5 32.Rxd6 Rxd6 33.Bxe5 Nxe4 34.Rd4 Bd5 35.Ne3 Kd7 36.Bxd6 Kxd6
37.Nac2 Re8 38.Nb4 Nc5  0-1

[Event "6th Amplico AIG Life"]
[Site "Warsaw POL"]
[Date "2006.12.16"]
[Round "7"]
[White "Olszewski,Mi"]
[Black "Markowski,T"]
[Result "1-0"]
[WhiteElo "2431"]
[BlackElo "2561"]

1.e4 d6 2.d4 Nf6 3.Nc3 e5 4.Nf3 Nbd7 5.Bc4 Be7 6.O-O O-O 7.h3 c6 8.a3 b5
9.Bb3 a6 10.Be3 Qc7 11.Qe2 Bb7 12.dxe5 dxe5 13.Nh4 g6 14.Bh6 Rfe8 15.Qf3 Bf8
16.Bg5 Bg7 17.Rad1 Rf8 18.Rd2 a5 19.Rfd1 b4 20.Ne2 c5 21.Ng3 Ra6 22.Bc4 Rb6
23.a4 Nb8 24.Qe3 Bc8 25.Bh6 Be6 26.Bxg7 Kxg7 27.Bb5 h6 28.Nf3 Rc8 29.c4 Nbd7
30.Ne2 Nf8 31.Nc1 g5 32.Nb3 Ng6 33.Ne1 Nf4 34.Nd3 Nxd3 35.Qxd3 Qb7 36.f3 Qc7
37.Qe3 Kg6 38.Kf2 Kg7 39.g4 Kg6 40.h4 Rbb8 41.Ba6 Nd7 42.Bxc8 Rxc8 43.Rd6 Nb6
44.Nxa5 Qe7 45.Nc6 Qf6 46.Qxc5 Nxc4 47.Rxe6 Qxe6 48.Ne7+ Kg7 49.Nxc8 Nxb2
50.Rd8 Kh7 51.Qf8 Nd1+ 52.Ke1  1-0